L’année 2016 - Statistiques

Statistiques générales
  • Ce quiz a été pris 102 fois
  • Le résultat moyen est 13 sur 28
Statistiques - réponses
Hint Réponse % Correct
Les nouvelles régions de métropole sont nées officiellement le 1er janvier 2016. Combien sont-elles ? 13
92%
Contre quelle équipe la France a-t-elle perdu durant la finale de l’Euro 2016 ? Portugal
90%
Fidel Castro est mort en novembre 2016. Quel pays a-t-il dirigé pendant plus de 50 ans ? Cuba
84%
Comment s’appelle le nouveau président américain ? Donald Trump
80%
Quel canal s’est fait élargir en juin 2016 ? Canal du Panama
77%
Quel équipe a remporté le tournoi des Six nations 2016 ? Angleterre
71%
À quelle date Nice a-t-il été touché par un attentat ? 14 juillet 2016
69%
Quel boxeur est mort le 3 juin 2016 après des années de combat contre la maladie de Parkinson ? Mohamed Ali
64%
Qui a été désigné meilleur buteur de l’Euro 2016 ? Antoine Griezmann
63%
Qui a été élu candidat pour Les Républicains lors de la primaire de la droite et du centre en novembre 2016 ? François Fillon
56%
Qui a remporté le Tour de France de 2016 ? Chris Froome
52%
Dans quel pays s’est déroulé les Jeux olympiques d’été 2016 ? Brésil
51%
Quel joueur de foot a quitté le PSG en juin 2016 pour rejoindre le club anglais de Manchester United ? Zlatan Ibrahimovic
51%
Sur quelle place de Paris à commencé le mouvement Nuit debout ? Place de la République
50%
Suite au Brexit voté en juin 2016, qui a succédé à David Cameron au poste de Premier ministre du Royaume-Uni ? Theresa May
44%
Quel est le nom de l’affaire de fraude fiscale concernant plusieurs personnalités mondiales ? Panama Papers
42%
Quel est le nom du ministre français de l’Économie qui a démissionné du gouvernement en août 2016 ? Emmanuel Macron
40%
Quel acteur a reçu l’Oscar du meilleur acteur en 2016 ? Leonardo DiCaprio
38%
Quelle ville syrienne a été libéré de l’État islamique durant une bataille qui a duré 5 ans ? Alep
29%
Dans quelle ville de Belgique, Salah Abdeslam, en cavale depuis 2015 s’est fait interpellé le 18 mars 2016 ? Molenbeek-Saint-Jean
29%
Dans quel pays Rama IX était-il le roi jusqu’à sa mort le 13 octobre 2016 ? Thaïlande
26%
Dans quelle ville a eu lieu une fusillade dans une discothèque gay “Le Pulse” aux États-unis ? Orlando
22%
Quel est le pays d’origine de Cristina Neagu, élue meilleure handballeuse mondiale de l’année ? Roumanie
21%
Quel est le nom de l’aéroport desservant Bruxelles qui fut touché par un attentat terroriste en 2016 ? Zaventem
14%
Comment s’appelle la président du Brésil qui a été destitué ? Dilma Rousseff
10%
Dans quelle ville s’est tenue la COP22 en novembre 2016 ? Marrakech
3%
Dans quelle ville de Bosnie, Radovan Karadžić a t’il perpétré un génocide où il a été condamné à 40 ans de prison en 2016 ? Srebrenica
3%
Quel est le nom de l’ouragan qui a ravagé les Antilles et la Floride causant la mort d’environ 900 personnes ? Matthew
1%
Aucun quiz correspondant
Distribution des résultats
% des personnes avec chaque résultat
Percentile par nombre de réponses
Votre historique - résultats
Vous n’avez pas pris ce quiz